000 00485pab a2200181 454500
008 180718b2012 xxu||||| |||| 00| 0 eng d
100 _aSanjay Kumar
245 _aDistrict - level estimates of fertility and implied sex ratio at birth in India
260 _c2012
300 _ap.66-72.
362 _a18 Aug
650 _aFertility - India
650 _aFertility
700 _aSathyanarayana, K .M.
773 _aEconomic and Political Weekly
908 _aN
909 _a97098
999 _c97098
_d97098